01265cam a22002897a 4500008004100000020002900041040001500070110009300085245011000178260003800288300006000326336002600386337002500412338002300437440005600460500002000516504004100536505018400577650003400761650004400795650003200839700002900871700001700900710004000917003000100957005001700958  a9781855781825 (hardback) aNUSTcNUST2 aBiochemical Society (Great Britain).bSymposiumn(77th :d2009 :cUniversity of Chester)10aOrganelle biogenesis and positioning in plants /corganized and edited by David E. Evans and Chris Hawes. aLondon :bPortland Press,cc2010. axvi, 182 pages :billustrations (some colour) ;c26 cm. atextbtxt2rdacontent aunmediated2rdamedia avolume2rdacarrier aBiochemical Society symposium,x0067-8964 ;vno.77. aIncludes index. aIncludes bibliographical references. aBased on papers presented at the 2009 Biochemical Society Annual Symposium entitled "Organelle biogenesis and positioning in plants", held at University of Chester, December 2009. 0aPlant organellesvCongresses. 0aCell organellesxFormationvCongresses. 0aPlant geneticsvCongresses.1 aEvans, D. E.q(David E.)1 aHawes, C. R.2 aBiochemical Society (Great Britain)20230123141150.0